| 000 | 00731nam a2200205 a 4500 | ||
|---|---|---|---|
| 003 | 0 | ||
| 005 | 20250405090414.0 | ||
| 008 | 050809s19uu xx 00 eng d | ||
| 050 |
_aPGS TX 551.F38 _b.M828 2005 |
||
| 100 | _aMorales, Wayne. | ||
| 245 |
_aComparative analysis of saturated fat content of leading potato snacks / _cWayne Morales. |
||
| 260 |
_aLas PiƱas City, Philippines : _bSouthville International School and Colleges, _c2005. |
||
| 300 |
_a23 pages : _billustrations ; _c28 cm. |
||
| 504 | _aIncludes bibliographical references. | ||
| 650 |
_aPotato products _vAnalysis. |
||
| 650 |
_aFat _vAnalysis. |
||
| 650 |
_aSaturated fats _vHealth aspects. |
||
| 650 |
_aFood _vComposition. |
||
| 942 |
_2lcc _cPASS |
||
| 999 |
_c97396 _d97396 |
||